Exploitative Revenues, Law Enforcement, and the Quality of Government Service (Record no. 514633)

000 -LEADER
fixed length control field 01524nam a22001577a 4500
008 - FIXED-LENGTH DATA ELEMENTS--GENERAL INFORMATION
fixed length control field 201125b ||||| |||| 00| 0 eng d
100 ## - MAIN ENTRY--PERSONAL NAME
Personal name Goldstein, Rebecca, et al
245 ## - TITLE STATEMENT
Title Exploitative Revenues, Law Enforcement, and the Quality of Government Service
260 ## - PUBLICATION, DISTRIBUTION, ETC. (IMPRINT)
Place of publication, distribution, etc Urban Affairs Review
300 ## - PHYSICAL DESCRIPTION
Extent 56(1), Jan, 2020: p.5-31
520 ## - SUMMARY, ETC.
Summary, etc A growing body of evidence indicates that local police departments are being used to provide revenue for municipalities by imposing and collecting fees, fines, and asset forfeitures. We examine whether revenue collection activities compromise the criminal investigation functions of local police departments. We find that police departments in cities that collect a greater share of their revenue from fees solve violent and property crimes at significantly lower rates. The effect on violent crime clearance is more salient in smaller cities where police officers’ assignments tend not to be highly specialized. We find that this relationship is robust to a variety of empirical strategies, including instrumenting for fines revenue using commuting time. Our results suggest that institutional changes—such as decreasing municipal government reliance on fines and fees for revenue—are important for changing police behavior and improving the provision of public safety. – Reproduced
650 ## - SUBJECT ADDED ENTRY--TOPICAL TERM
Topical term or geographic name as entry element Policing, Local public finance, Law enforcement and public safety, Crime
9 (RLIN) 19446
773 ## - HOST ITEM ENTRY
Main entry heading Urban Affairs Review
906 ## - LOCAL DATA ELEMENT F, LDF (RLIN)
Subject DIP PUBLIC SAFETY
942 ## - ADDED ENTRY ELEMENTS (KOHA)
Item type Articles
Holdings
Withdrawn status Lost status Source of classification or shelving scheme Damaged status Not for loan Permanent location Current location Date acquired Serial Enumeration / chronology Barcode Date last seen Koha item type
          Indian Institute of Public Administration Indian Institute of Public Administration 2020-11-25 56(1), Jan, 2020: p.5-31 AR124116 2020-11-25 Articles

Powered by Koha